[Event "Titled Tuesday intern op 07th Jun Late"]
[Site "Chess.com INT"]
[Date "2022.06.07"]
[Round "2"]
[White "Bringas Gomez, Artai"]
[Black "Nathan, Nitish"]
[Result "1-0"]
[WhiteElo "2203"]
[BlackElo "1885"]
[PlyCount "139"]
[EventDate "2022.06.07"]
[EventType "swiss (blitz)"]
[EventRounds "11"]
[EventCountry "USA"]
[SourceTitle "CBM 208 Extra"]
[Source "ChessBase"]
[SourceDate "2022.07.31"]
[SourceVersion "1"]
[SourceVersionDate "2022.07.31"]
[SourceQuality "1"]

1. d4 d5 2. c4 c6 3. Nf3 Nf6 4. e3 Bf5 5. Nc3 e6 6. Nh4 Bg4 7. Qb3 Qb6 8. h3 Bh5 9. g4 Bg6 10. c5 Qc7 11. Nxg6 hxg6 12. Bg2 Nbd7 13. f4 Be7 14. g5 Nh5 15. h4 Ng3 16. Rh3 Nf5 17. Bd2 Rxh4 18. Rxh4 Nxh4 19. Bh1 Bxg5 20. fxg5 Qh2 21. 0-0-0 e5 22. Qxb7 Rd8 23. Qxc6 Nf5 24. Nxd5 exd4 25. exd4 Nxd4 26. Re1+ Kf8 27. Qd6+ Qxd6 28. cxd6 Nc5 29. Kb1 Nde6 30. Nc7 Kg8 31. Nxe6 fxe6 32. Be3 Nd3 33. Rd1 Ne5 34. Bxa7 Rd7 35. Bc5 Nf7 36. b4 Nxg5 37. b5 Nf7 38. b6 Nd8 39. a4 Nb7 40. Bxb7 Rxb7 41. a5 Kf8 42. a6 Rb8 43. a7 Ra8 44. b7 Re8 45. d7+ Re7 46. Rf1+ Kg8 47. Bxe7 Kh7 48. d8N g5 49. b8N g4 50. a8N g3 51. Nxe6 g2 52. Rg1 Kg6 53. Rxg2+ Kf7 54. Nec7 Kxe7 55. Rxg7+ Kd6 56. Kc2 Kc5 57. Kc3 Kd6 58. Kc4 Ke5 59. Rf7 Kd6 60. Nb6 Ke5 61. Nb5 Ke6 62. Nc6 Kxf7 63. Kd5 Ke8 64. Ke6 Kf8 65. Kf6 Ke8 66. Nd6+ Kf8 67. Nd7+ Kg8 68. Kg6 Kh8 69. Nf7+ Kg8 70. Ne7# 1-0